000 00890cad a22001935a 4500
001 L158124
008 140709s2014 xxk f 000 0 eng d
035 _a(Sirsi) u158124
041 0 _aeng
110 2 _aPWC
245 0 0 _aCapital project and infrastructure spending
_bOutlook to 2025
260 _bPWC
_c2014
520 _aProjected capital project and infrastructure spending for 49 countries that account for 90% of global economic output. Concludes that infrastructure spending is starting to increase again after the global financial crisis and is expected to grow significantly over the coming decade.
590 _aKA
651 4 _aENGLAND AND WALES
690 _aInfrastructure
_96246
856 4 0 _uhttps://www.pwc.com/gx/en/capital-projects-infrastructure/publications/cpi-outlook/assets/cpi-outlook-to-2025.pdf
_zView the report free of charge at www.pwc.com
942 _n0
999 _c115156
_d115156